| 000 | 00509nam a2200169Ia 4500 | ||
|---|---|---|---|
| 999 |
_c28309 _d28309 |
||
| 003 | OSt | ||
| 005 | 20210104122053.0 | ||
| 008 | 190216s9999||||xx |||||||||||||| ||und|| | ||
| 040 | _coclc | ||
| 082 |
_a894.8121 _bAIY/U |
||
| 100 |
_aAiyer, Ulloor S Parameswara _93277 |
||
| 245 | 0 |
_aUma Keralam / _cUlloor S Parameswara Aiyer |
|
| 260 |
_bUllur Publications, _c2004. _aThiruvananthapuram: |
||
| 300 | _a264p | ||
| 650 | _aKavitha | ||
| 942 |
_cBK _2ddc _h894.8121 _iAIY/U _k894.8121 _mAIY/U |
||